000 00584nam a22001937a 4500
005 20210414105853.0
008 210309s1964 ||||| |||| 00| 0 eng d
040 _aeng
_cDLC
_deng
041 _aeng
080 _a821.111
_bF-85
100 _91308
_aFrank Pat
245 _aAlas, Babylon
_c/ by: Bantam Pathfinder Editions, Bantam Books
260 _aNew York
_bBantam Pathfinder Editions, Bantam Books
_c1964
300 _a279 p.
365 _b0.6 usd
650 0 _9247
_aEnglish literature
653 _aინგლისური ლიტერატურა
942 _2udc
_cBK
999 _c2052
_d2052